Indywidualni Mistrzowie Świata w darcie (PDC) - Statystyki

Ogólne statystyki
  • Ten quiz został rozwiązany 49 razy
    20 od ostatniego zresetowania
  • Średni wynik to 29 z 31
Statystyki odpowiedzi
Narodowość Rok Nazwisko % Poprawnych
Walia 2021 Gerwyn Price
100%
Anglia 2024 Luke Humphries
100%
Holandia 2014 Michael van Gerwen
100%
Holandia 2017 Michael van Gerwen
100%
Holandia 2019 Michael van Gerwen
100%
Szkocja 2020 Peter Wright
100%
Szkocja 2022 Peter Wright
100%
Anglia 1995 Phil Taylor
100%
Anglia 1996 Phil Taylor
100%
Anglia 1997 Phil Taylor
100%
Anglia 1998 Phil Taylor
100%
Anglia 1999 Phil Taylor
100%
Anglia 2000 Phil Taylor
100%
Anglia 2001 Phil Taylor
100%
Anglia 2002 Phil Taylor
100%
Anglia 2004 Phil Taylor
100%
Anglia 2009 Phil Taylor
100%
Anglia 2010 Phil Taylor
100%
Szkocja 2015 Gary Anderson
95%
Szkocja 2016 Gary Anderson
95%
Anglia 2023 Michael Smith
95%
Anglia 2005 Phil Taylor
95%
Anglia 2006 Phil Taylor
95%
Anglia 2013 Phil Taylor
95%
Holandia 2007 Raymond van Barneveld
95%
Anglia 2011 Adrian Lewis
80%
Anglia 2012 Adrian Lewis
80%
Anglia 2018 Rob Cross
80%
Kanada 2003 John Part
75%
Kanada 2008 John Part
75%
Anglia 1994 Dennis Priestley
50%
Nie znaleziono quizów pasujących do podanych kryteriów
Rozkład punktacji
Procent ludzi z każdym wynikiem
Percentyl według liczby udzielonych odpowiedzi
Twoja historia wyników
Nie rozwiązałeś tego quizu od ostatniego zresetowania